[Event "AUT-ch U12 Girls"]
[Site "St Kanzian"]
[Date "2018.05.21"]
[Round "5.9"]
[White "Lemsitzer, Katharina"]
[Black "Baitulaeva, Ayscha"]
[Result "1/2-1/2"]
[WhiteElo "929"]
[BlackElo "900"]
[PlyCount "166"]
[EventDate "2018.05.19"]
[EventType "swiss"]
[EventRounds "7"]
[EventCountry "AUT"]
[SourceTitle "EXT 2024"]
[Source "ChessBase"]
[SourceDate "2023.10.10"]
[SourceVersion "1"]
[SourceVersionDate "2023.10.10"]
[SourceQuality "1"]

1. e4 e5 2. Nf3 Nc6 3. d4 d6 4. dxe5 Nxe5 5. Nxe5 dxe5 6. Qxd8+ Kxd8 7. Nc3 Bb4 8. Bd2 Nf6 9. a3 Bd6 10. Bc4 Be6 11. Bxe6 fxe6 12. 0-0 Kd7 13. b4 Rad8 14. f3 c6 15. Ne2 Kc8 16. c4 Bc7 17. Be3 Rd7 18. Rfc1 Rhd8 19. b5 cxb5 20. cxb5 Kb8 21. a4 b6 22. f4 Nxe4 23. fxe5 Bxe5 24. Bf4 Rd5 25. Bxe5+ Rxe5 26. a5 bxa5 27. Rxa5 Red5 28. Nc3 Nxc3 29. Rxc3 Rd1+ 30. Kf2 R8d2+ 31. Kf3 Rd3+ 32. Rxd3 Rxd3+ 33. Kf2 e5 34. Ra4 Rb3 35. Ra5 e4 36. Ke2 Rb2+ 37. Ke3 Rxg2 38. Kxe4 Rxh2 39. Ra6 Rb2 40. Ra5 g6 41. Kf4 Rf2+ 42. Kg5 Rg2+ 43. Kf4 g5+ 44. Kf3 Rb2 45. Kg4 Rg2+ 46. Kf3 Rg1 47. Ra6 g4+ 48. Kf4 g3 49. Kf3 g2 50. Kf2 Rb1 51. Kxg2 Rxb5 52. Rh6 a5 53. Rxh7 a4 54. Rh3 Ra5 55. Rh8+ Kb7 56. Rh7+ Kb6 57. Rh6+ Kb5 58. Rh5+ Kb4 59. Rh4+ Kb5 60. Rh5+ Ka6 61. Rh6+ Ka7 62. Rh7+ Kb8 63. Rh8+ Kc7 64. Rh7+ Kd6 65. Rh6+ Kc7 66. Rh7+ Kb6 67. Rh6+ Kb5 68. Rh5+ Kb4 69. Rh4+ Kb5 70. Rh5+ Ka6 71. Rh6+ Ka7 72. Rh7+ Ka6 73. Rh6+ Ka7 74. Rh7+ Ka8 75. Rh8+ Ka7 76. Rh7+ Ka6 77. Rh6+ Ka7 78. Rh7+ Ka8 79. Rh8+ Ka7 80. Rh7+ Ka6 81. Rh6+ Ka7 82. Rh7+ Ka6 83. Rh6+ Kb7 1/2-1/2

[Event "AUT-ch U10 Girls"]
[Site "St Kanzian"]
[Date "2017.06.16"]
[Round "1.1"]
[White "Katter, Marlene"]
[Black "Lemsitzer, Katharina"]
[Result "1-0"]
[WhiteElo "1275"]
[BlackElo "839"]
[PlyCount "37"]
[EventDate "2017.06.16"]
[EventType "swiss"]
[EventRounds "7"]
[EventCountry "AUT"]
[SourceTitle "EXT 2024"]
[Source "ChessBase"]
[SourceDate "2023.10.10"]
[SourceVersion "1"]
[SourceVersionDate "2023.10.10"]
[SourceQuality "1"]

1. d4 Nf6 2. Nf3 e6 3. Bf4 Nc6 4. e3 Be7 5. Nbd2 d5 6. Bb5 Bd7 7. 0-0 0-0 8. Qe2 h6 9. Ne5 Nxe5 10. dxe5 Ne4 11. Nxe4 dxe4 12. Rad1 c6 13. Bc4 Qc7 14. Qg4 Kh8 15. f3 exf3 16. Rxf3 Rg8 17. Rh3 Rgf8 18. Bxh6 f5 19. Qxg7# 1-0

[Event "AUT-ch U12 Girls"]
[Site "St Veit"]
[Date "2017.06.05"]
[Round "5.3"]
[White "Lemsitzer, Katharina"]
[Black "Peraus, Leonie"]
[Result "0-1"]
[WhiteElo "810"]
[BlackElo "1049"]
[PlyCount "100"]
[EventDate "2017.06.03"]
[EventType "swiss"]
[EventRounds "7"]
[EventCountry "AUT"]
[SourceTitle "EXT 2024"]
[Source "ChessBase"]
[SourceDate "2023.10.10"]
[SourceVersion "1"]
[SourceVersionDate "2023.10.10"]
[SourceQuality "1"]

1. e4 e5 2. Nf3 Nf6 3. d4 exd4 4. Qxd4 Nc6 5. Qd1 Nxe4 6. Qe2 Qe7 7. Nc3 Nxc3 8. bxc3 d6 9. Qxe7+ Bxe7 10. Bb5 0-0 11. 0-0 Bf5 12. Ba4 Bf6 13. Bd2 a6 14. Bxc6 bxc6 15. Rfc1 Rfe8 16. h3 h6 17. Rab1 Rab8 18. Rxb8 Rxb8 19. Nd4 Bxd4 20. cxd4 Rb2 21. Rd1 Bxc2 22. Bc3 Rxa2 23. Rd2 Bb3 24. Rxa2 Bxa2 25. Ba5 c5 26. dxc5 dxc5 27. Bxc7 c4 28. Kf1 c3 29. Ke2 c2 30. Kd2 Bb1 31. Kc1 Kh7 32. Bf4 g5 33. Bd2 Kg6 34. f4 f6 35. g4 f5 36. fxg5 hxg5 37. gxf5+ Kxf5 38. Be1 Kg6 39. h4 gxh4 40. Bxh4 Kf5 41. Be1 Ke4 42. Ba5 Kd3 43. Bb6 Kc3 44. Bc7 Kb3 45. Bd8 Kb4 46. Bc7 a5 47. Bxa5+ Kxa5 48. Kb2 Kb4 49. Kc1 Kb3 50. Kd2 Kb2 0-1

[Event "AUT-ch U12 Girls"]
[Site "St Veit"]
[Date "2017.06.03"]
[Round "1.7"]
[White "Ragchaasuren, Boerte"]
[Black "Lemsitzer, Katharina"]
[Result "1-0"]
[WhiteElo "1099"]
[BlackElo "810"]
[PlyCount "53"]
[EventDate "2017.06.03"]
[EventType "swiss"]
[EventRounds "7"]
[EventCountry "AUT"]
[SourceTitle "EXT 2024"]
[Source "ChessBase"]
[SourceDate "2023.10.10"]
[SourceVersion "1"]
[SourceVersionDate "2023.10.10"]
[SourceQuality "1"]

1. d4 Nf6 2. f4 d5 3. Nf3 Nc6 4. e3 Bg4 5. Nbd2 e6 6. c3 Be7 7. Qb3 b6 8. Bb5 Qd6 9. Qa4 0-0 10. Bxc6 Rab8 11. Bb5 h6 12. Bd3 Ra8 13. e4 dxe4 14. Nxe4 Qd5 15. Nxf6+ Bxf6 16. 0-0 Rfe8 17. Bb5 Qd8 18. Bc6 Qd6 19. Bxa8 Rxa8 20. Ne5 Bxe5 21. fxe5 Qd5 22. Qc2 Qc4 23. Qe4 Rd8 24. Qxg4 a5 25. Bxh6 Kf8 26. Qxg7+ Ke7 27. Qxf7# 1-0